| 000 | 01028nam a22002297a 4500 | ||
|---|---|---|---|
| 008 | 090628t xxu||||| |||| 00| 0 eng d | ||
| 020 | _a9780821377994 | ||
| 020 | _a9780821378014 (E- ISBN) | ||
| 082 |
_222 _a338.9009172 _bGLO |
||
| 245 | 1 | 0 |
_aGlobal economic prospects : _bCommodities at the crossroads/ |
| 246 | 3 | 0 | _aCommodities at the crossroads/ |
| 260 |
_aWashington : _bInternational Bank for Reconstruction and Development/World Bank Pubns, _cc2009. |
||
| 300 |
_axv, 180 p. : _bill. (some col.) ; _c27 cm. |
||
| 504 | _aIncludes bibliographical references. | ||
| 650 | 0 |
_aInternational trade. _97042 |
|
| 650 | 0 |
_aInternational economic relations. _97043 |
|
| 650 | 0 |
_aDeveloping countries _xEconomic conditions. _97044 |
|
| 650 | 0 |
_aGlobal economic prospects _97045 |
|
| 710 |
_aInternational Bank for Reconstruction and Development _97046 |
||
| 942 |
_2ddc _cBB |
||
| 999 |
_c12061 _d12061 |
||